00440nam a2200181Ia 4500003000400000005001700004008004100021020002200062040000700084041000800091082001500099100001900114245003800133260004100171300001700212365001300229650001600242OSt20230606104208.0210423s2016 xx 000 0 und d a978-93-83181-47-6 cAL aeng a361.3 RAJS aRAJAN (Rajesh) aSocial work and changing scenario aNew DelhibGlobal Publicationsc2016 aviii,288bHB b950cINR aSocial Work